000 00823nam a2200277Ia 4500
003 OSt
005 20220918171233.0
006 a|||||r|||| 00| 0
007 ta
008 220917b |||||||| |||| 00| 0 eng d
020 _a9781441167620 (pbk)
_c2314.40
024 _a280,944
037 _b7188, 25/03/2013, Efficient Book Distributors
_cTextual
040 _aARTS
_cARTS
_beng
041 _2eng
_aeng
082 _aP:33, Q2
100 _aPaltridge Brian
_929950
245 0 _aDiscourse analysis
_b An introduction
250 _a2nd ed.
260 _aLondon
_bBloomsbury UK
_c2012
300 _a282p.
_ccm.
490 _aBloomsbury discourse
650 _aLINGUISTICS
942 _hP:33, Q2
_cTEXL
_2CC
999 _c138508
_d138508